000 00848cam a2200253 a 4500
003 OSt
005 20240220144145.0
008
020 _a0273644440 (paperback. )
040 _cNUST
_aNUST
_beng
_dNUST
_erda
050 _aHF5415 BRA
100 1 _aBrassington, Frances.
245 1 0 _aPrinciples of marketing /
_cFrances Brassington and Stephen Pettitt.
250 _aSecond Edition
260 _aHarlow :
_bFT/Prentice Hall,
_c©2000.
300 _axx, 1079 pages. :
_bcol. illustration. ;
_c27 cm.
336 _2rdacontent
_atext
_btxt
337 _2rdamedia
_aunmedieted
_bn
338 _2rdacarrier
_avolume
_bnc
504 _aIncludes bibliographical references and index.
650 0 _aMarketing.
700 1 _aPettitt, Stephen.
942 _cBOOKS
_kHF
_mBRA
_2lcc
_eSecond Edition
_hHF5415
_n0
999 _c101883
_d101883